Mighty Ducks - Statistics

General Stats
  • This quiz has been taken 234 times
  • The average score is 9 of 19
Answer Stats
Hint Answer % Correct
Captain of the Ducks Charlie Conway
95%
Best Player Adam Banks
84%
Shotgun Slapshot Fulton Reed
69%
Enforcer Dean Portman
56%
Olympic figure skater Ken Wu
56%
Wears 00 Guy Germaine
55%
Can't stop Luis Mendoza
55%
Goaltender to Defenseman Greg Goldberg
52%
Fast Glove Julie Gaffney
49%
Leads the flying V Jesse Hall
48%
"It's knucklepuck time." Russ Tyler
48%
Team jokester Lester Averman
47%
Cowboy stickhandler Dwayne Robertson
44%
Brother of Jesse Terry Hall
43%
Has same surname as actress who plays her Connie Moreau
42%
Figure Skater Tammy Duncan
30%
Played by Danny Tamberelli Tommy Duncan
24%
Never refered to by his first name Dave Karp
17%
Never refered to by last name Peter Mark
15%
No matching quizzes found
Score Distribution
Percent of People with Each Score
Percentile by Number Answered
Your Score History
You have not taken this quiz